000 00282nam a2200121Ia 4500
008 190216s9999||||xx |||||||||||||| ||und||
100 _aGibson A George
245 0 _aAdvanced Calculus
260 _bMagmillan &co Ltd
_c1966
300 _a510p
650 _aMathematics
942 _cBK
999 _c30512
_d30512